[Event "European Championship 2019"]
[Site "Skopje MKD"]
[Date "2019.03.29"]
[Round "11"]
[White "Dubov, Daniil"]
[Black "Erdos, Viktor"]
[Result "1-0"]
[WhiteElo "2703"]
[BlackElo "2612"]
[PlyCount "129"]
[EventDate "2019.03.18"]

1. c4 e5 2. Nc3 Bb4 3. Nd5 Be7 4. d4 exd4 5. Qxd4 Nf6 6. Nxe7 Qxe7 7. Bg5 Nc6
8. Qc3 Ne5 9. g3 d6 10. Bg2 h6 11. Bxf6 Qxf6 12. Nh3 Bxh3 13. Bxh3 h5 14. Bg2
c6 15. h3 Rh6 16. Rd1 g5 17. h4 gxh4 18. Rxh4 O-O-O 19. Qd4 Kb8 20. b4 Qe7 21.
Re4 Re6 22. Re3 Ng4 23. Rxe6 fxe6 24. Bf3 e5 25. Qe4 Nf6 26. Qh4 d5 27. cxd5
cxd5 28. Kf1 e4 29. Bg2 Qe5 30. f4 Qe7 31. Bh3 Rg8 32. e3 a6 33. a4 Ka7 34. Bf5
Rg7 35. Kg2 Qc7 36. Rd2 Qc3 37. Re2 Qd3 38. Kf2 Qc3 39. Kg2 Qa1 40. Rf2 Rc7 41.
Qh1 Rc1 42. Rf1 Rc2+ 43. Kh3 Qc3 44. Rd1 Qxb4 45. Rb1 Qd2 46. Kh4 Ng4 47. Bxg4
hxg4 48. Kg5 Rc7 49. Qe1 Qh2 50. Qb4 Rg7+ 51. Kf6 Qh6+ 52. Ke5 Rd7 53. f5 Qxe3
54. Qd4+ Qxd4+ 55. Kxd4 Kb8 56. f6 Kc7 57. Rf1 Rf7 58. Kxd5 Kd7 59. Kxe4 b5 60.
axb5 axb5 61. Kf5 Ke8 62. Kg6 Ra7 63. Re1+ Kf8 64. Rc1 Ra8 65. Rh1 1-0

[Event "European Championship 2019"]
[Site "Skopje MKD"]
[Date "2019.03.29"]
[Round "11"]
[White "Predke, Alexandr"]
[Black "Kovalev, Vladislav"]
[Result "1-0"]
[WhiteElo "2611"]
[BlackElo "2703"]
[PlyCount "101"]
[EventDate "2019.03.18"]

1. e4 e5 2. Nf3 Nc6 3. Bb5 a6 4. Ba4 d6 5. O-O Bd7 6. d4 exd4 7. Bxc6 Bxc6 8.
Nxd4 Be7 9. Nxc6 bxc6 10. f4 Nf6 11. Nc3 O-O 12. Qf3 Nd7 13. Be3 Bf6 14. Bf2
Qb8 15. e5 dxe5 16. Rad1 Nb6 17. Ne4 Be7 18. fxe5 Kh8 19. Rd3 Nc4 20. Bd4 c5
21. Bc3 Qb6 22. Qg4 Qe6 23. Qh5 Rad8 24. Rdf3 Qd5 25. Qf5 Qe6 26. Qxe6 fxe6 27.
Rxf8+ Bxf8 28. Ng5 Kg8 29. Nxe6 Rc8 30. Rd1 Nb6 31. Ba5 Be7 32. Nxc7 Rxc7 33.
Bxb6 Rb7 34. Bd8 Kf8 35. b3 c4 36. Bxe7+ Kxe7 37. Rd5 Ke6 38. Rd6+ Kxe5 39.
Rxa6 Rd7 40. h3 Rd2 41. c3 Rb2 42. Ra7 g5 43. Rxh7 cxb3 44. axb3 Rxb3 45. Rc7
g4 46. hxg4 Kf4 47. Kh2 Kxg4 48. Rc4+ Kf5 49. Kg3 Ke5 50. Kf3 Rb8 51. Re4+ 1-0

[Event "European Championship 2019"]
[Site "Skopje MKD"]
[Date "2019.03.29"]
[Round "11"]
[White "Petrosyan, Manuel"]
[Black "Saric, Ivan"]
[Result "1/2-1/2"]
[WhiteElo "2564"]
[BlackElo "2703"]
[PlyCount "59"]
[EventDate "2019.03.18"]

1. d4 Nf6 2. c4 e6 3. Nf3 d5 4. Nc3 c6 5. Bg5 h6 6. Bxf6 Qxf6 7. e3 Nd7 8. Be2
dxc4 9. Bxc4 g6 10. O-O Bg7 11. Re1 O-O 12. e4 e5 13. d5 Nb6 14. Bb3 Rd8 15.
Re3 cxd5 16. Nxd5 Nxd5 17. Bxd5 Be6 18. Rd3 Bxd5 19. Rxd5 Qb6 20. b3 Rxd5 21.
Qxd5 Rc8 22. Qd3 Qa5 23. Qe2 Qa6 24. Qxa6 bxa6 25. Rd1 Rc2 26. h4 Rxa2 27. Rd8+
Kh7 28. Rd7 Kg8 29. Rd8+ Kh7 30. Rd7 1/2-1/2

[Event "Sharjah Masters 2019"]
[Site "Sharjah UAE"]
[Date "2019.03.28"]
[Round "7"]
[White "Wang, Hao"]
[Black "Inarkiev, Ernesto"]
[Result "1/2-1/2"]
[WhiteElo "2718"]
[BlackElo "2692"]
[PlyCount "228"]
[EventDate "2019.03.22"]

1. c4 c5 2. Nf3 Nf6 3. Nc3 d5 4. cxd5 Nxd5 5. e3 Nxc3 6. bxc3 g6 7. Bb5+ Bd7 8.
a4 Bg7 9. O-O O-O 10. d4 Qc7 11. h3 Rd8 12. Qe2 Nc6 13. Ba3 b6 14. dxc5 bxc5
15. Bxc5 a6 16. Bd3 Qa5 17. Ba3 Bxc3 18. Rac1 Rab8 19. Bc4 Bf6 20. e4 Be8 21.
Bc5 e6 22. Bxa6 Rb2 23. Qc4 Nb4 24. e5 Bg7 25. Bd4 Rc2 26. Rxc2 Nxc2 27. Qxc2
Qxa6 28. Ra1 Bc6 29. Qb2 Bxa4 30. Qb4 Ra8 31. Ng5 Qc6 32. Qe7 Rf8 33. Qa7 h6
34. Nxf7 Rxf7 35. Qxa4 Qd5 36. Qa8+ Qxa8 37. Rxa8+ Kh7 38. Rd8 g5 39. Rd6 Re7
40. g4 Kg6 41. Kg2 Kf7 42. Kf3 Rc7 43. Ra6 Rc4 44. Ra7+ Kg6 45. Ke3 Bf8 46. Kd3
Rc1 47. Ra6 Kf7 48. Ra1 Rc8 49. Ke4 Rc4 50. Kd3 Rc6 51. Be3 Bg7 52. Ra5 Kg6 53.
Bd4 h5 54. Ra7 hxg4 55. hxg4 Bf8 56. Ra8 Be7 57. Rb8 Ra6 58. Rb7 Bf8 59. Rb8
Be7 60. Rb6 Ra3+ 61. Ke2 Ra4 62. Kd3 Kf7 63. Rb7 Ke8 64. f3 Ra3+ 65. Ke2 Ra4
66. Bc3 Rc4 67. Bd2 Ra4 68. Rb3 Rc4 69. Rb5 Rc2 70. Kd3 Ra2 71. Rb8+ Kf7 72.
Rc8 Ra3+ 73. Ke2 Ra4 74. Rc7 Ke8 75. Rb7 Ra2 76. Kd3 Ra4 77. Rb3 Kf7 78. Be3
Ra1 79. Bd4 Rd1+ 80. Ke3 Re1+ 81. Kd2 Rf1 82. Rb7 Ke8 83. Ke2 Rc1 84. Ra7 Rb1
85. Rc7 Rb3 86. Bc3 Rb1 87. Ra7 Rb3 88. Bd4 Kf8 89. Rc7 Ke8 90. Kf2 Rd3 91.
Rc8+ Kd7 92. Rc4 Ke8 93. Ke2 Rb3 94. Bc3 Rb1 95. Rc8+ Kf7 96. Ra8 Rb3 97. Rc8
Rb1 98. Bd4 Rb3 99. Rc7 Ke8 100. Bc5 Bxc5 101. Rxc5 Kd7 102. Kf2 Ra3 103. Kg3
Re3 104. Ra5 Kc6 105. Kf2 Rb3 106. Kg2 Re3 107. Kf2 Rb3 108. Ke2 Rc3 109. Ra8
Kd5 110. Rg8 Kxe5 111. Rxg5+ Kf4 112. Rg6 Re3+ 113. Kd2 Rxf3 114. Rxe6 Kxg4
1/2-1/2

[Event "Sharjah Masters 2019"]
[Site "Sharjah UAE"]
[Date "2019.03.28"]
[Round "7"]
[White "Nihal, Sarin"]
[Black "Fedoseev, Vladimir3"]
[Result "1/2-1/2"]
[WhiteElo "2578"]
[BlackElo "2715"]
[PlyCount "98"]
[EventDate "2019.03.22"]

1. d4 f5 2. g3 Nf6 3. Bg2 e6 4. Nf3 d5 5. O-O Bd6 6. c4 c6 7. Nc3 Nbd7 8. Qc2
Nf8 9. Ne5 Ng6 10. f4 O-O 11. Rb1 Be7 12. Kh1 Bd7 13. Be3 Qe8 14. Bf2 Nxe5 15.
dxe5 Ng4 16. Bg1 dxc4 17. b3 cxb3 18. Qxb3 b6 19. h3 Nh6 20. Rbd1 Rc8 21. a4
Rc7 22. Rd3 Qc8 23. Rfd1 Kh8 24. e4 Be8 25. Kh2 Bf7 26. Be3 Rd8 27. Rxd8+ Bxd8
28. a5 b5 29. Qb4 Bg8 30. Bc5 a6 31. Qd4 Be7 32. Bxe7 Rxe7 33. Qc5 Rc7 34. Na2
Rd7 35. Rd6 Rxd6 36. exd6 fxe4 37. Nb4 Nf7 38. Bxe4 Qd8 39. Nxa6 Nxd6 40. Qb6
Qf6 41. Bg2 Qb2 42. Qxc6 Nf5 43. Nc7 Qa3 44. a6 Qxg3+ 45. Kh1 Qxf4 46. Qc5 Ng3+
47. Kg1 Ne2+ 48. Kh1 Ng3+ 49. Kg1 Ne2+ 1/2-1/2

[Event "Sharjah Masters 2019"]
[Site "Sharjah UAE"]
[Date "2019.03.28"]
[Round "7"]
[White "Le, Quang Liem"]
[Black "Sundararajan, Kidambi"]
[Result "1-0"]
[WhiteElo "2715"]
[BlackElo "2413"]
[PlyCount "77"]
[EventDate "2019.03.22"]

1. Nf3 d5 2. g3 g6 3. Bg2 Bg7 4. d4 c6 5. O-O Nh6 6. c3 O-O 7. Nbd2 Nf5 8. e4
dxe4 9. Nxe4 Nd7 10. Re1 Nf6 11. Nc5 b6 12. Nd3 Bb7 13. Nfe5 Qc8 14. Nb4 c5 15.
Nbc6 Nd7 16. Nxd7 Qxd7 17. d5 Rfe8 18. Bf4 Nd6 19. a4 Bf6 20. g4 g5 21. Bg3 a6
22. h3 b5 23. Qb3 Kg7 24. Re2 h5 25. Rae1 hxg4 26. hxg4 c4 27. Qc2 Rac8 28. Ne5
Qd8 29. axb5 axb5 30. Qd2 Rc5 31. Nc6 Bxc6 32. dxc6 Nc8 33. Qe3 Qb6 34. Rd2 b4
35. Rd7 bxc3 36. Rb7 Qa5 37. Bc7 Qa4 38. Qxc5 cxb2 39. Be5 1-0

[Event "Sharjah Masters 2019"]
[Site "Sharjah UAE"]
[Date "2019.03.29"]
[Round "8"]
[White "Inarkiev, Ernesto"]
[Black "Firouzja, Alireza"]
[Result "1/2-1/2"]
[WhiteElo "2692"]
[BlackElo "2657"]
[PlyCount "29"]
[EventDate "2019.03.22"]

1. d4 Nf6 2. c4 g6 3. Nc3 d5 4. Bf4 Bg7 5. e3 c5 6. dxc5 Qa5 7. Rc1 dxc4 8.
Bxc4 O-O 9. Nf3 Qxc5 10. Bb3 Nc6 11. O-O Qa5 12. h3 Qa6 13. Nd4 Bd7 14. Ndb5
Rac8 15. Nc7 1/2-1/2

[Event "Sharjah Masters 2019"]
[Site "Sharjah UAE"]
[Date "2019.03.29"]
[Round "8"]
[White "Vokhidov, Shamsiddin"]
[Black "Wang, Hao"]
[Result "0-1"]
[WhiteElo "2494"]
[BlackElo "2718"]
[PlyCount "78"]
[EventDate "2019.03.22"]

1. e4 c5 2. Nf3 d6 3. d4 cxd4 4. Nxd4 Nf6 5. Nc3 a6 6. h3 e6 7. g4 h6 8. Bg2
Be7 9. Be3 Nc6 10. f4 Nd7 11. O-O O-O 12. Nce2 Qc7 13. c3 Rb8 14. Qd2 b5 15. f5
e5 16. Nxc6 Qxc6 17. Ng3 f6 18. h4 Bb7 19. Rf2 Rbd8 20. Kh2 Nb6 21. Bxb6 Qxb6
22. Rd1 Qc5 23. Nf1 Rfe8 24. Ne3 d5 25. exd5 e4 26. Kh1 Qc7 27. Qe1 Bc5 28. Re2
Qf4 29. Bh3 Qf3+ 30. Bg2 Qf4 31. Bh3 Bxe3 32. Rxe3 Bxd5 33. Kg1 Bc6 34. Rd2 Qc7
35. Bg2 Rxd2 36. Qxd2 Rd8 37. Qe2 Qf4 38. Bxe4 Bxe4 39. Rxe4 Qc1+ 0-1

[Event "Sharjah Masters 2019"]
[Site "Sharjah UAE"]
[Date "2019.03.29"]
[Round "8"]
[White "Fedoseev, Vladimir3"]
[Black "Chanda, Sandipan"]
[Result "1-0"]
[WhiteElo "2715"]
[BlackElo "2534"]
[PlyCount "91"]
[EventDate "2019.03.22"]

1. e4 c5 2. Nf3 d6 3. d4 cxd4 4. Nxd4 Nf6 5. Nc3 a6 6. Be2 e6 7. f4 Be7 8. Be3
O-O 9. g4 d5 10. e5 Nfd7 11. g5 Nc6 12. h4 Nxd4 13. Bxd4 b5 14. a3 b4 15. axb4
Bxb4 16. Kf2 a5 17. h5 Ba6 18. Bg4 Bc5 19. Kg3 Rb8 20. g6 Rb4 21. Bg1 Bxg1 22.
Qxg1 Nxe5 23. fxe5 Qg5 24. Kh3 Kh8 25. Qg3 fxg6 26. Bd1 Qf5+ 27. Bg4 Qg5 28.
Rag1 Rff4 29. Qh4 Qxh4+ 30. Kxh4 gxh5 31. Kxh5 d4 32. Na2 Rxb2 33. Rb1 Rxb1 34.
Rxb1 h6 35. Rb6 Bc4 36. Nc1 Kh7 37. Kh4 Re4 38. Nd3 a4 39. Rb4 Bxd3 40. cxd3
Rxe5 41. Rxa4 Kg6 42. Bf3 h5 43. Rxd4 Kh6 44. Be4 g6 45. Rd7 Ra5 46. Rf7 1-0

[Event "Sharjah Masters 2019"]
[Site "Sharjah UAE"]
[Date "2019.03.29"]
[Round "8"]
[White "Nguyen, Anh Khoi"]
[Black "Le, Quang Liem"]
[Result "1-0"]
[WhiteElo "2484"]
[BlackElo "2715"]
[PlyCount "89"]
[EventDate "2019.03.22"]

1. d4 Nf6 2. c4 e6 3. g3 c5 4. d5 exd5 5. cxd5 d6 6. Nc3 g6 7. Bg2 Bg7 8. Nf3
O-O 9. O-O Re8 10. Bf4 Na6 11. Re1 Bg4 12. h3 Bxf3 13. Bxf3 Nd7 14. Bg2 Ne5 15.
Ne4 Nc7 16. Rc1 a5 17. g4 b5 18. Bg5 f6 19. Bh4 a4 20. b3 axb3 21. axb3 Ra3 22.
e3 Nf7 23. Qc2 b4 24. f4 Qe7 25. Rcd1 Nb5 26. Qc4 Rb8 27. Rd2 Kh8 28. Bf1 Nc3
29. Ng3 Qe8 30. Nh1 Rba8 31. Bf2 Nd8 32. e4 Nf7 33. g5 fxg5 34. e5 gxf4 35.
exd6 Qd8 36. Qxf4 Nxd6 37. Bxc5 Nf5 38. d6 Qd7 39. Ng3 Nxg3 40. Qxg3 Rxb3 41.
Qg4 Qxg4+ 42. hxg4 Bf6 43. d7 Kg7 44. g5 Bxg5 45. Bd4+ 1-0

[Event "Sharjah Masters 2019"]
[Site "Sharjah UAE"]
[Date "2019.03.30"]
[Round "9"]
[White "Wang, Hao"]
[Black "Kryvoruchko, Yuriy"]
[Result "1/2-1/2"]
[WhiteElo "2718"]
[BlackElo "2680"]
[PlyCount "29"]
[EventDate "2019.03.22"]

1. e4 e5 2. Nf3 Nc6 3. Bb5 Nf6 4. O-O Nxe4 5. Re1 Nd6 6. Nxe5 Be7 7. Bf1 Nxe5
8. Rxe5 O-O 9. d4 Bf6 10. Re1 Re8 11. Rxe8+ Nxe8 12. d5 d6 13. Nd2 c6 14. Ne4
Be5 15. g3 1/2-1/2

[Event "Sharjah Masters 2019"]
[Site "Sharjah UAE"]
[Date "2019.03.30"]
[Round "9"]
[White "Matlakov, Maxim"]
[Black "Inarkiev, Ernesto"]
[Result "1/2-1/2"]
[WhiteElo "2692"]
[BlackElo "2692"]
[PlyCount "119"]
[EventDate "2019.03.22"]

1. Nf3 d5 2. g3 Nf6 3. Bg2 g6 4. O-O Bg7 5. d4 O-O 6. c3 c6 7. Bf4 Nh5 8. Bg5
h6 9. Be3 Nd7 10. Nbd2 f5 11. c4 g5 12. cxd5 cxd5 13. Nb1 e6 14. Nc3 a6 15. Rc1
b5 16. Ne5 f4 17. Nc6 Qe8 18. Bd2 Nb6 19. Ne5 Bxe5 20. dxe5 Nc4 21. Rc2 Qf7 22.
Bc1 Bb7 23. b3 Nxe5 24. Bb2 f3 25. exf3 Nxf3+ 26. Bxf3 Qxf3 27. Qxf3 Rxf3 28.
Ne2 Re8 29. Be5 Rf5 30. f4 gxf4 31. gxf4 d4 32. Rd2 Kh7 33. Rxd4 Rg8+ 34. Kf2
Nf6 35. Bxf6 Rxf6 36. Rd7+ Rg7 37. Rxg7+ Kxg7 38. Ke3 Rf7 39. Rd1 Bd5 40. Nc3
Rf5 41. Nxd5 exd5 42. Rc1 Rh5 43. Rc2 b4 44. Kd4 Kf6 45. Rc6+ Kf5 46. Rxa6 Kxf4
47. Rf6+ Kg4 48. Rf2 Kh3 49. Kc5 Rh4 50. Kxd5 h5 51. Kc5 Rg4 52. a4 bxa3 53. b4
Rg2 54. Rf3+ Kxh2 55. Rxa3 h4 56. b5 Rg5+ 57. Kc6 Rg6+ 58. Kc7 Rg7+ 59. Kc6
Rg6+ 60. Kd5 1/2-1/2

[Event "Sharjah Masters 2019"]
[Site "Sharjah UAE"]
[Date "2019.03.30"]
[Round "9"]
[White "Yakubboev, Nodirbek"]
[Black "Fedoseev, Vladimir3"]
[Result "1-0"]
[WhiteElo "2569"]
[BlackElo "2715"]
[PlyCount "93"]
[EventDate "2019.03.22"]

1. d4 f5 2. Bg5 h6 3. Bh4 g5 4. e3 Nf6 5. Bg3 d6 6. h4 g4 7. Nc3 Nh5 8. Nge2
Bg7 9. Bh2 Nc6 10. d5 Ne5 11. Nd4 O-O 12. Qd2 Bd7 13. O-O-O c6 14. f4 Ng6 15.
Bc4 Kh7 16. e4 Bxd4 17. Qxd4 g3 18. Bg1 Nhxf4 19. Qd2 fxe4 20. Be3 Qa5 21. Bxf4
Nxf4 22. Qe3 Ng6 23. Nxe4 Ne5 24. Nxg3 Qb4 25. Rd4 Nxc4 26. Qd3+ Kh8 27. Rxc4
Qa5 28. Qe3 Rf7 29. Qxh6+ Rh7 30. Qe3 cxd5 31. Rf4 Qxa2 32. Qc3+ e5 33. Rhf1
Rg8 34. Rf8 Rhg7 35. Qe3 Rg6 36. Rxg8+ Kxg8 37. Qf3 Be6 38. Qf8+ Kh7 39. Qe7+
Kh8 40. Qe8+ Kh7 41. Qe7+ Kh8 42. Rf8+ Bg8 43. Rf5 Rg7 44. Rh5+ Bh7 45. Qf8+
Rg8 46. Qf6+ Rg7 47. Rg5 1-0

[Event "Sharjah Masters 2019"]
[Site "Sharjah UAE"]
[Date "2019.03.30"]
[Round "9"]
[White "Le, Quang Liem"]
[Black "Sadhwani, Raunak"]
[Result "1-0"]
[WhiteElo "2715"]
[BlackElo "2455"]
[PlyCount "117"]
[EventDate "2019.03.22"]

1. e4 e5 2. Bc4 Nf6 3. d3 c6 4. Nf3 d5 5. Bb3 Bb4+ 6. Bd2 Bxd2+ 7. Nbxd2 Nbd7
8. O-O O-O 9. Re1 Re8 10. d4 exd4 11. exd5 cxd5 12. Nxd4 Nc5 13. Nf1 Bg4 14.
Rxe8+ Qxe8 15. Qd2 Qd7 16. f3 Bh5 17. Re1 Bg6 18. Re3 h6 19. c3 Re8 20. Ne2 Ne6
21. Nd4 Nc5 22. Bd1 a6 23. b4 Ne6 24. Bb3 Nc7 25. a4 b6 26. Rxe8+ Qxe8 27. Ne3
a5 28. h3 Kh7 29. Kf2 Qe7 30. Nef5 Qd7 31. Nh4 Ne6 32. Nxg6 fxg6 33. Ne2 Qd6
34. g3 g5 35. Bc2+ Kg8 36. Bf5 Kf7 37. Qe3 g6 38. Bxe6+ Qxe6 39. bxa5 bxa5 40.
Qa7+ Qd7 41. Qxa5 Qxh3 42. Ke3 Qe6+ 43. Kd2 g4 44. Qc7+ Qd7 45. Qxd7+ Nxd7 46.
fxg4 Nc5 47. a5 Nb3+ 48. Kd3 Nxa5 49. Nf4 Nc6 50. g5 hxg5 51. Nxd5 Ke6 52. Ke4
Ne5 53. Nc7+ Kf6 54. Nb5 Ke6 55. Nd4+ Kd6 56. Nb3 Nd7 57. Kd4 g4 58. Nd2 Ne5
59. Nc4+ 1-0

[Event "The USA Championship 2019"]
[Site "Saint Louis USA"]
[Date "2019.03.28"]
[Round "8"]
[White "Nakamura, Hikaru"]
[Black "Shankland, Samuel"]
[Result "1/2-1/2"]
[WhiteElo "2746"]
[BlackElo "2731"]
[PlyCount "60"]
[EventDate "2019.03.20"]

1. d4 d5 2. c4 c6 3. Nf3 Nf6 4. Nc3 dxc4 5. a4 e6 6. e3 c5 7. Bxc4 cxd4 8. exd4
Be7 9. O-O O-O 10. d5 exd5 11. Nxd5 Nxd5 12. Bxd5 Nd7 13. h3 Nf6 14. Bc4 b6 15.
Qb3 Bb7 16. Bf4 Bd5 17. Rfe1 Re8 18. Re5 Bxc4 19. Qxc4 Qd7 20. Be3 Bd6 21.
Rxe8+ Rxe8 22. Qb5 Bb8 23. Qxd7 Nxd7 24. a5 bxa5 25. Rxa5 Ne5 26. Nxe5 Rxe5 27.
Ra1 h5 28. Kf1 Rb5 29. Bxa7 Bxa7 30. Rxa7 Rxb2 1/2-1/2

[Event "The USA Championship 2019"]
[Site "Saint Louis USA"]
[Date "2019.03.28"]
[Round "8"]
[White "Caruana, Fabiano"]
[Black "So, Wesley"]
[Result "1/2-1/2"]
[WhiteElo "2828"]
[BlackElo "2762"]
[PlyCount "70"]
[EventDate "2019.03.20"]

1. d4 Nf6 2. c4 e6 3. g3 d5 4. Bg2 dxc4 5. Nf3 c5 6. O-O Nc6 7. Ne5 Bd7 8. Nxc4
cxd4 9. Bf4 Nd5 10. Nd6+ Bxd6 11. Bxd6 Nde7 12. Nd2 O-O 13. Qb3 b6 14. Nc4 Rc8
15. Qa3 b5 16. Nd2 b4 17. Qa6 e5 18. Rac1 Be6 19. Bxe7 Nxe7 20. Qxa7 Nd5 21.
Rc5 Qb6 22. Qxb6 Nxb6 23. Rb5 Rc2 24. Nf3 Nd7 25. Rxb4 Bxa2 26. Re1 Be6 27. h3
f6 28. e3 d3 29. Rd1 Rb8 30. Rxb8+ Nxb8 31. Ne1 Rxb2 32. Nxd3 Rb5 33. Nc5 Rxc5
34. Rd8+ Kf7 35. Rxb8 Rc1+ 1/2-1/2

[Event "The USA Championship 2019"]
[Site "Saint Louis USA"]
[Date "2019.03.28"]
[Round "8"]
[White "Sevian, Samuel"]
[Black "Dominguez Perez, Leinier"]
[Result "0-1"]
[WhiteElo "2642"]
[BlackElo "2739"]
[PlyCount "124"]
[EventDate "2019.03.20"]

1. d4 Nf6 2. Nf3 d5 3. c4 e6 4. Nc3 c5 5. cxd5 Nxd5 6. e4 Nxc3 7. bxc3 cxd4 8.
cxd4 Bb4+ 9. Bd2 Bxd2+ 10. Qxd2 O-O 11. Bc4 Nd7 12. O-O b6 13. Rad1 Bb7 14.
Rfe1 Rc8 15. Bb3 Re8 16. d5 exd5 17. exd5 Nc5 18. d6 Bxf3 19. Rxe8+ Qxe8 20.
gxf3 Qc6 21. Bd5 Qd7 22. Qf4 Rd8 23. Be4 g6 24. h4 Qe6 25. h5 Nd7 26. Bd5 Qf6
27. Qe3 Nc5 28. Rd4 gxh5 29. Rf4 Qg6+ 30. Kh1 Ne6 31. Rc4 h6 32. Bxe6 Qxe6 33.
Qxe6 fxe6 34. Rc7 a5 35. Rc6 b5 36. Rb6 a4 37. Kg2 Kf7 38. a3 Rg8+ 39. Kf1 Rg5
40. d7 Ke7 41. Rxe6+ Kxd7 42. Rxh6 Rc5 43. f4 Kc7 44. f5 Rxf5 45. Ke2 Kb7 46.
f3 b4 47. axb4 a3 48. Rd6 Rf8 49. Kf2 Ra8 50. Rd1 Kb6 51. Kg3 Kb5 52. Kh4 Rf8
53. Rf1 Rf5 54. f4 Kxb4 55. Rf2 Ra5 56. Ra2 Kb3 57. Ra1 a2 58. Rf1 a1=Q 59.
Rxa1 Rxa1 60. Kxh5 Rf1 61. Kg5 Kc4 62. f5 Kd5 0-1

[Event "The USA Championship 2019"]
[Site "Saint Louis USA"]
[Date "2019.03.28"]
[Round "8"]
[White "Lenderman, Aleksandr"]
[Black "Xiong, Jeffery"]
[Result "1/2-1/2"]
[WhiteElo "2637"]
[BlackElo "2663"]
[PlyCount "142"]
[EventDate "2019.03.20"]

1. Nf3 Nf6 2. c4 c5 3. b3 g6 4. Bb2 Bg7 5. g3 b6 6. Bg2 Bb7 7. O-O O-O 8. Nc3
d5 9. Nxd5 Nxd5 10. Bxg7 Kxg7 11. cxd5 Qxd5 12. d4 Na6 13. e4 Qd6 14. d5 e6 15.
Nd2 exd5 16. exd5 Rad8 17. Nc4 Qf6 18. Ne3 Nc7 19. Qd2 h5 20. Rac1 Rd7 21. b4
Nxd5 22. bxc5 Rfd8 23. cxb6 Nxe3 24. Qxe3 Rd3 25. Qf4 Qxf4 26. gxf4 Bxg2 27.
Kxg2 axb6 28. Rc6 Ra8 29. Rxb6 Rxa2 30. Rb4 Kf6 31. Rc4 h4 32. h3 Rg3+ 33. Kh2
Rf3 34. Kg2 Rg3+ 35. Kh2 Re2 36. Ra4 Kf5 37. Rb4 Rf3 38. Kg2 Rxf4 39. Rxf4+
Kxf4 40. Ra1 f5 41. Ra6 g5 42. Rh6 Re5 43. Rh5 Re8 44. Rh7 Ke4 45. Rg7 Kf4 46.
Rh7 Ke5 47. Rh5 Kf6 48. Rh6+ Kg7 49. Ra6 Kf7 50. Ra5 Kf6 51. Ra6+ Re6 52. Ra4
Rb6 53. Rc4 Rb3 54. Ra4 f4 55. f3 Rb2+ 56. Kg1 Ke5 57. Re4+ Kd5 58. Re8 Kd4 59.
Re7 Kd3 60. Re8 Re2 61. Ra8 Re5 62. Kf2 Re2+ 63. Kg1 Rc2 64. Re8 Kd2 65. Re5
Rb2 66. Re8 Kd1 67. Re5 Kd2 68. Re8 Kd3 69. Re5 Re2 70. Ra5 Re8 71. Kf2 Re2+
1/2-1/2

[Event "The USA Championship 2019"]
[Site "Saint Louis USA"]
[Date "2019.03.28"]
[Round "8"]
[White "Liang, Awonder"]
[Black "Robson, Ray"]
[Result "1/2-1/2"]
[WhiteElo "2590"]
[BlackElo "2667"]
[PlyCount "98"]
[EventDate "2019.03.20"]

1. e4 e5 2. Nf3 Nc6 3. Bc4 Nf6 4. d4 exd4 5. e5 Ne4 6. Qe2 Nc5 7. O-O Be7 8.
Rd1 d5 9. Bb5 Bg4 10. Rxd4 Bxf3 11. Qxf3 O-O 12. Rd1 Nxe5 13. Qxd5 c6 14. Qxd8
Raxd8 15. Be2 Ne6 16. Rf1 Rfe8 17. Nd2 Bg5 18. Nb3 Bxc1 19. Rfxc1 Nd4 20. Nxd4
Rxd4 21. Rd1 Red8 22. Rxd4 Rxd4 23. Rd1 Rxd1+ 24. Bxd1 f5 25. h4 f4 26. b3 Kf7
27. g3 Ke6 28. c3 Kd5 29. Kf1 h6 30. Ke2 g5 31. hxg5 hxg5 32. gxf4 gxf4 33. Bc2
a5 34. Bh7 c5 35. Bg8+ Kc6 36. a3 b6 37. Kd2 Kd6 38. Ke2 Kd7 39. Bc4 Kc7 40. a4
Kd6 41. Kd2 Kd7 42. Ke2 Ke7 43. Bg8 Kf6 44. Bd5 Kf5 45. Bg8 Kf6 46. Bd5 Ke7 47.
Bc4 Kd6 48. Bg8 Ng4 49. Bc4 Ne5 1/2-1/2

[Event "The USA Championship 2019"]
[Site "Saint Louis USA"]
[Date "2019.03.28"]
[Round "8"]
[White "Gareyev, Timur"]
[Black "Akobian, Varuzhan"]
[Result "1/2-1/2"]
[WhiteElo "2557"]
[BlackElo "2625"]
[PlyCount "127"]
[EventDate "2019.03.20"]

1. d4 e6 2. c4 Nf6 3. Nc3 Bb4 4. Nf3 b6 5. Qb3 a5 6. Bg5 Bb7 7. e3 h6 8. Bh4 g5
9. Bg3 Ne4 10. Bd3 d6 11. Bxe4 Bxe4 12. O-O-O Bxc3 13. Qxc3 Nd7 14. Rhg1 Bxf3
15. gxf3 Qf6 16. f4 O-O-O 17. Qd3 gxf4 18. Bxf4 e5 19. Bg3 Qf3 20. c5 Qc6 21.
Qf5 exd4 22. exd4 bxc5 23. Kb1 Kb8 24. f3 Rde8 25. Qxf7 c4 26. Rge1 Ref8 27.
Qh5 Nb6 28. Qxa5 Rxf3 29. d5 Qa4 30. Qxa4 Nxa4 31. Re4 Nb6 32. Bf4 Rf8 33. Bxh6
R8f5 34. h4 Rh3 35. Bg7 Rxd5 36. Rxd5 Nxd5 37. Kc1 c3 38. bxc3 Nxc3 39. Rb4+
Kc8 40. Kb2 Nd5 41. Re4 Kb7 42. Bh6 Nb6 43. Bg5 c5 44. Bd8 Rh2+ 45. Kb3 Rh3+
46. Kb2 Nd5 47. a4 Kc6 48. Bg5 Rh2+ 49. Kb3 Rh3+ 50. Kb2 Nc3 51. Rg4 Nd1+ 52.
Kc2 Ne3+ 53. Bxe3 Rxe3 54. h5 Rh3 55. Rg5 Rh4 56. Kb3 Rh3+ 57. Kc2 Kb6 58. Rg6
Rxh5 59. Rxd6+ Ka5 60. Kc3 Kxa4 61. Kc4 Ka3 62. Rc6 Kb2 63. Rxc5 Rxc5+ 64. Kxc5
1/2-1/2

[Event "The USA Championship 2019"]
[Site "Saint Louis USA"]
[Date "2019.03.29"]
[Round "9"]
[White "Robson, Ray"]
[Black "Nakamura, Hikaru"]
[Result "0-1"]
[WhiteElo "2667"]
[BlackElo "2746"]
[PlyCount "110"]
[EventDate "2019.03.20"]

1. e4 c5 2. Nf3 d6 3. d4 cxd4 4. Nxd4 Nf6 5. Nc3 g6 6. Be3 Bg7 7. f3 O-O 8. Qd2
Nc6 9. Bc4 Bd7 10. O-O-O Rb8 11. Bb3 Na5 12. Bh6 Bxh6 13. Qxh6 b5 14. Nd5 Nxb3+
15. Nxb3 e5 16. Nxf6+ Qxf6 17. h4 Rb6 18. h5 Qe7 19. hxg6 fxg6 20. Qe3 Be6 21.
Rhf1 Rc6 22. f4 Qc7 23. Rd2 a5 24. Kb1 a4 25. Nc1 b4 26. Rdf2 exf4 27. Rxf4 Rc8
28. Rf6 Rxc2 29. Rxe6 Qc4 30. Ref6 a3 31. bxa3 bxa3 32. Qxa3 Rxc1+ 33. Rxc1
Qxe4+ 34. Kb2 Qe5+ 35. Rc3 Rb8+ 36. Kc2 Qxf6 37. Rf3 Qd4 38. Rb3 Qe4+ 39. Kc1
Qe1+ 40. Kc2 Qe2+ 41. Kb1 Qd1+ 42. Qc1 Rxb3+ 43. axb3 Qxb3+ 44. Ka1 Qa4+ 45.
Kb2 Qb5+ 46. Ka1 Qc5 47. Qd2 h5 48. Kb1 Kg7 49. Qb2+ Qe5 50. Qb7+ Kh6 51. Kc1
d5 52. Kd1 Qe4 53. Qb2 Kg5 54. Qd2+ Kg4 55. Qh6 g5 0-1

[Event "The USA Championship 2019"]
[Site "Saint Louis USA"]
[Date "2019.03.29"]
[Round "9"]
[White "Dominguez Perez, Leinier"]
[Black "Liang, Awonder"]
[Result "1-0"]
[WhiteElo "2739"]
[BlackElo "2590"]
[PlyCount "119"]
[EventDate "2019.03.20"]

1. e4 e5 2. Nf3 Nf6 3. Nxe5 d6 4. Nf3 Nxe4 5. d4 d5 6. Bd3 Bd6 7. O-O O-O 8. c4
c6 9. Qc2 Na6 10. a3 Bg4 11. Ne5 Bf5 12. b4 c5 13. cxd5 cxd4 14. Bxe4 Rc8 15.
Nc6 Bxe4 16. Qxe4 bxc6 17. dxc6 Re8 18. Qf3 Qb6 19. Nd2 Rxc6 20. Nb3 Rc3 21.
Qd1 d3 22. Bd2 Rc2 23. g3 Bf8 24. Qf3 Nc5 25. Be3 Qb7 26. Qxb7 Nxb7 27. Rfd1
Rc3 28. Nc1 a5 29. Rxd3 Rc2 30. Rd7 Nd6 31. Nd3 Nc4 32. Bf4 f6 33. bxa5 Nxa5
34. a4 Ra8 35. h4 Rc4 36. Be3 Nc6 37. Rc7 Bd6 38. Rd7 Bf8 39. Nb2 Rc2 40. Rb7
Nb4 41. Nd1 Rc6 42. Rb6 Rc7 43. Bf4 Rc2 44. Ne3 Rd2 45. Rb5 Rd7 46. a5 Nc6 47.
Nc4 Nd4 48. Rb8 Ra6 49. Bd6 Ne6 50. Re8 Rdxd6 51. Nxd6 Rxd6 52. a6 Nc7 53. a7
Nxe8 54. a8=Q Nc7 55. Qc8 Ne6 56. Ra7 Nd8 57. h5 Rd4 58. Kg2 Rd6 59. h6 gxh6
60. Qc7 1-0

[Event "The USA Championship 2019"]
[Site "Saint Louis USA"]
[Date "2019.03.29"]
[Round "9"]
[White "Akobian, Varuzhan"]
[Black "Caruana, Fabiano"]
[Result "0-1"]
[WhiteElo "2625"]
[BlackElo "2828"]
[PlyCount "98"]
[EventDate "2019.03.20"]

1. d4 f5 2. Nc3 Nf6 3. Bg5 d5 4. e3 e6 5. Nf3 a6 6. Ne5 c5 7. g4 cxd4 8. exd4
Qb6 9. Na4 Qa5+ 10. c3 fxg4 11. Bxf6 gxf6 12. Nxg4 Nd7 13. Ne3 h5 14. Bd3 f5
15. b4 Qc7 16. Rc1 b6 17. Qe2 Kf7 18. Kd1 Nf6 19. Nb2 Bd7 20. c4 Rc8 21. Rc2
Qf4 22. cxd5 Bxb4 23. Bc4 exd5 24. Nxd5 Nxd5 25. Bxd5+ Kf6 26. Qe3 Bd6 27. Qxf4
Bxf4 28. Nd3 Bb8 29. Rxc8 Bxc8 30. Ke2 Re8+ 31. Kd2 Rd8 32. Rc1 Bxh2 33. Bf3
Be6 34. Rc6 Rd6 35. Rc1 Rxd4 36. Ke3 Rd8 37. Bxh5 Bxa2 38. f4 Bd5 39. Ne5 Rh8
40. Bf3 Rh4 41. Nd3 Rh3 42. Ne5 Be4 43. Rc8 Rh4 44. Nd3 Bg1+ 45. Ke2 Bxd3+ 46.
Kxd3 Rxf4 47. Bb7 a5 48. Rf8+ Ke7 49. Rg8 Bc5 0-1